000 00878nam a2200277Ia 4500
005 20220316235346.0
008 121119s2000 ck a 000 m spa
020 _a9583004170
041 0 _aspa
100 1 _aChericián, David,
_d1940-2002
245 1 0 _aTrabalenguas
_cDavid Chericián ; ilustraciones, Henry González
250 _aPrimera edición, cuarta reimpresión
264 1 _aBogotá
_bPanamericana
_c2000
300 _a48 páginas
_bilustraciones
_c23 cm.
336 _atexto
_btxt
_2rdacontent
337 _asin mediación
_bn
_2rdamedia
338 _avolumen
_bnc
_2rdacarrier
490 0 _aQue pase el tren
650 1 4 _2LEMB
_aTrabalenguas
650 1 4 _2LEMB
_aLiteratura folclórica
650 1 4 _2LEMB
_aPoesía infantil
700 1 _aGonzález, Henry
_eilustrador
_910755
942 _2loc
_cBKLIT
040 _aCO-BoRNBP
_bspa
_erda
_cCO-BoRNBP
084 _aP CHE2
999 _c717
_d717